Poverty. A wasted decade.

Obsah 13. Správy Svetovej banky o svetovom rozvoji za r. 1990 (World Development Report) a za r. 1980 - chudoba a vývoj ľudstva, zhoršujúca sa situácia v uplynulej dekáde. Výklad pojmu chudoba. Počet chudobných v r. 1990 v porovnaní s r. 1980 a 1970. Doporučenia Svetovej banky pre ekonomické politik...

Full description

Saved in:
Bibliographic Details
Main Author: Pyatt, G.
Format: Book Chapter
Language:English
Subjects:
Tags: Add Tag
No Tags, Be the first to tag this record!

MARC

LEADER 00000naa a2200000 4500
001 r004398
005 20221130103143.6
041 0 |a eng 
044 |a NL 
245 1 0 |a Poverty.  |b A wasted decade.  |c G. Pyatt 
520 |a Obsah 13. Správy Svetovej banky o svetovom rozvoji za r. 1990 (World Development Report) a za r. 1980 - chudoba a vývoj ľudstva, zhoršujúca sa situácia v uplynulej dekáde. Výklad pojmu chudoba. Počet chudobných v r. 1990 v porovnaní s r. 1980 a 1970. Doporučenia Svetovej banky pre ekonomické politiky na národných úrovniach - výhľad na 90. roky. 
610 2 0 |a chudoba 
610 2 0 |a IBRD 
610 2 0 |a 1980-1990 
610 2 0 |a politika hospodárska 
610 2 0 |a rozvoj hospodársky 
100 1 |a Pyatt, G.